• 首页
  • 本馆介绍
  • 公告通知
  • 最新文献
  • 馆藏检索
  • 电子资源
  • 读者导购
  • 参考咨询
  • 我的图书馆
  • 登录
  • 详细信息显示
  • 放入我的书架
  • 预约/预借图书
  • 作者相关作品
  • 分类相关作品
  • 丛书相关作品
  • 出版社相关作品

书目信息

  • 表格格式
  • 工作单格式
  • 卡片格式
题名:
多媒体CAI课件制作实例教程
    
 
作者: 方其桂 主编
分册:  
出版信息: 北京   清华大学出版社  2011
页数: 351页
开本: 26cm
丛书名:
单 册:
中图分类: G434
科图分类:
主题词: 多媒体--计算机辅助教学--软件工具--教材 , 多媒体 , 计算机辅助教学 , 软件工具
电子资源:
ISBN: 978-7-302-25153-8
000 00841nam0 2200289 450
001 523
005 20140910080856.60
010    @a978-7-302-25153-8@dCNY38.00
100    @a20110526d2011 em y0chiy50 ea
101 0  @achi
102    @aCN@b110000
105    @aa z 000yy
106    @ar
200 1  @a多媒体CAI课件制作实例教程@f方其桂主编
205    @a4版
210    @a北京@c清华大学出版社@d2011
215    @a351页@c图@d26cm@e1光盘
307    @a附光盘:ISBN 978-7-89444-375-5
330    @a本书着重介绍使用PowerPoint、Flash、FrontPage等几种常用软件制作多媒体CAI课件的方法与技巧。
606 0  @a多媒体@x计算机辅助教学@x软件工具@j教材
606 0  @a多媒体
606 0  @a计算机辅助教学
606 0  @a软件工具
690    @aG434@v5
701  0 @a方其桂@4主编
801  0 @aCN@bTANGWEI@c20140603
905    @b0843026-28@dG434@e109=4@f3
    
    多媒体CAI课件制作实例教程/方其桂主编.-4版.-北京:清华大学出版社,2011
    351页:图;26cm+1光盘
    
    
    ISBN 978-7-302-25153-8:CNY38.00
    本书着重介绍使用PowerPoint、Flash、FrontPage等几种常用软件制作多媒体CAI课件的方法与技巧。
●
相关链接 在E读中查询图书 在五车中查询图书 在当当中查询图书 在豆瓣中查询图书


正题名:多媒体CAI课件制作实例教程     索取号:G434/109=4         预约/预借

序号 登录号 条形码 馆藏地/架位号 状态 备注
1 0843026   208430269   第一样本阅览室/ [索取号:G434/109=4] 在馆    
2 0843027   208430278   第四借阅区/ [索取号:G434/109=4] 在馆    
3 0843028   208430287   第四借阅区/ [索取号:G434/109=4] 在馆    
唐山师范学院图书馆 欢迎您!
大连网信软件有限公司© 版权所有